Wszyscy rządzący Polską - Statystyki

Ogólne statystyki
  • Ten quiz został rozwiązany 62 razy
  • Średni wynik to 42 z 191
Statystyki odpowiedzi
Dynastia Urząd Lata Osoba % Poprawnych
Piastowie Książę Polski 960? - 992 Mieszko I
91%
Piastowie Król Polski 992 – 1025 Bolesław I Chrobry
80%
III Rzeczpospolita Prezydent Polski 2015-2025 Andrzej Duda
76%
III Rzeczpospolita Prezydent Polski 1990 - 1995 Lech Wałęsa
75%
III Rzeczpospolita Prezydent Polski 1995 - 2005 Aleksander Kwaśniewski
73%
Polska Rzeczpospolita Ludowa Przewodniczący Rady Państwa 1985 - 1989 Wojciech Jaruzelski
71%
III Rzeczpospolita Prezydent Polski 1989 - 1990 Wojciech Jaruzelski
71%
III Rzeczpospolita Prezydent Polski 2005 - 2010 Lech Kaczyński
69%
III Rzeczpospolita P.o. prezydenta 10 kwietnia - 8 lipca 2010 Bronisław Komorowski
67%
III Rzeczpospolita Prezydent Polski 2010-2015 Bronisław Komorowski
67%
Piastowie Król Polski 1333 – 1370 Kazimierz III Wielki
58%
Piastowie Król Polski 1025 – 1031 Mieszko II Lambert
56%
Piastowie Król Polski 1032 Mieszko II Lambert
56%
Piastowie Król Polski 1033 – 1034 Mieszko II Lambert
56%
Jagiellonowie Król Polski 1386 – 1434 Władysław II Jagiełło
56%
Polska Rzeczpospolita Ludowa Głowa Państwa 1944 - 1947 Bolesław Bierut
55%
Polska Rzeczpospolita Ludowa Prezydent Polski 1947 - 1952 Bolesław Bierut
55%
Królowie Elekcyjni Król Polski 1764 – 1795 Stanisław August Poniatowski
55%
Królowie Elekcyjni Król Polski 1587 – 1632 Zygmunt III Waza
55%
Piastowie Książę Polski 1098 – 1138 Bolesław III Krzywousty
53%
II Rzeczpospolita Naczelnik Państwa 1918 - 1922 Józef Piłsudski
53%
Legendarni Książę Polan? ?-? Lech
53%
Królowie Elekcyjni Król Polski 1576 – 1586 Stefan Batory
51%
Rząd Londyński Członek Rady Trzech 1956−1966 Tadeusz Bór-Komorowski
49%
Rozbicie Dzielnicowe Książę krakowski 1289 Władysław I Łokietek
49%
Piastowie Król Polski 1306 – 1333 Władysław I Łokietek
49%
Piastowie Król Polski 1058 – 1079 Bolesław II Śmiały
47%
II Rzeczpospolita Prezydent Polski 14 - 16 grudnia 1922 Gabriel Narutowicz
47%
Andegawenowie Król(owa) Polski 1384 – 1399 Jadwiga I Andegaweńska
47%
Królowie Elekcyjni Król Polski 1632 – 1648 Władysław IV Waza
47%
Jagiellonowie Król Polski 1548 – 1572 Zygmunt II August
47%
Królowie Elekcyjni Król Polski 1573 – 1575 Henryk III Walezy
45%
Piastowie Książę Polski 1034 – 1058 Kazimierz I Odnowiciel
45%
Królowie Elekcyjni Król Polski 1733 – 1763 August III Sas
44%
Królowie Elekcyjni Król Polski 1674 – 1696 Jan III Sobieski
44%
Piastowie Książę Polan ?-? Siemowit
44%
Księstwo Warszawskie Książę Warszawski 1807 - 1815 Fryderyk August I
42%
II Rzeczpospolita Prezydent Polski 1926 - 1939 Ignacy Mościcki
42%
Królowie Elekcyjni Król Polski 1648 – 1668 Jan II Kazimierz Waza
42%
Legendarni Książę Polan? ?-? Piast
42%
Piastowie Książę Polan ?-960? Siemomysł
42%
Królowie Elekcyjni Król(owa) Polski 1575 – 1586 Anna Jagiellonka
40%
Królowie Elekcyjni Król Polski 1697 – 1704 August II Mocny
40%
Królowie Elekcyjni Król Polski 1709 – 1733 August II Mocny
40%
Jagiellonowie Król Polski 1492 – 1501 Jan I Olbracht
40%
Jagiellonowie Król Polski 1434 – 1444 Władysław III Warneńczyk
40%
Jagiellonowie Król Polski 1447 – 1492 Aleksander I Jagiellończyk
38%
Piastowie Książę Polski 1031 – 1032 Bezprym
38%
Jagiellonowie Król Polski 1447 – 1492 Kazimierz IV Jagiellończyk
38%
Andegawenowie Król Polski 1370 – 1382 Ludwik I Węgierski
38%
Rozbicie Dzielnicowe Książę krakowski 1229 – 1232 Konrad I mazowiecki
36%
Rozbicie Dzielnicowe Książę krakowski 1241 – 1243 Konrad I mazowiecki
36%
Rozbicie Dzielnicowe Książę krakowski 1290 – 1291 Przemysł II
36%
Rozbicie Dzielnicowe Król Polski 1295 – 1296 Przemysł II
36%
Rozbicie Dzielnicowe Książę senior Polski 1194 – 1198 Leszek I Biały
35%
Rozbicie Dzielnicowe Książę senior Polski 1199 Leszek I Biały
35%
Rozbicie Dzielnicowe Książę senior Polski 1206 – 1210 Leszek I Biały
35%
Rozbicie Dzielnicowe Książę senior Polski 1211 – 1225 Leszek I Biały
35%
Rozbicie Dzielnicowe Książę senior Polski 1225 – 1227 Leszek I Biały
35%
Królowie Elekcyjni Król Polski 1669 – 1673 Michał Korybut Wiśniowiecki
35%
Królowie Elekcyjni Król Polski 1704 – 1709 Stanisław Leszczyński
35%
Królowie Elekcyjni Król Polski 1733 – 1736 Stanisław Leszczyński
35%
Przemyślidzi Król Polski i Czech 1291 – 1305 Wacław II
35%
Przemyślidzi Król Polski i Czech 1305 – 1306 Wacław III
35%
Jagiellonowie Król Polski 1506 – 1548 Zygmunt I Stary
35%
Piastowie Książę Polan ?-? Lestek
33%
Rozbicie Dzielnicowe Książę senior Polski 1173 – 1177 Mieszko III Stary
31%
Rozbicie Dzielnicowe Książę senior Polski 1191 Mieszko III Stary
31%
Rozbicie Dzielnicowe Książę senior Polski 1198 – 1199 Mieszko III Stary
31%
Rozbicie Dzielnicowe Książę senior Polski 1199 – 1202 Mieszko III Stary
31%
Rozbicie Dzielnicowe Książę krakowski 1279 – 1288 Leszek II Czarny
29%
Piastowie Książę Polski 1079 – 1102 Władysław I Herman
29%
Kongresówka Cesarz Rosji (Król Polski) 1917 Mikołaj II
27%
Piastowie Książę Polski 1098 – 1107 Zbigniew
27%
III Rzeczpospolita P.o. prezydenta 8 lipca - 6 sierpnia 2010 Grzegorz Schetyna
24%
Generalne Gubernatorstwo Generalny Gubernator 1939 - 1945 Hans Frank
24%
Legendarni Książę Polan? ?-? Popiel I
24%
Legendarni Książę Polan? ?-? Popiel II
24%
II Rzeczpospolita Prezydent Polski 1922 - 1926 Stanisław Wojciechowski
24%
Rozbicie Dzielnicowe Książę senior Polski 1138 – 1146 Władysław II Wygnaniec
24%
Rozbicie Dzielnicowe Książę senior Polski 1225 Henryk I Brodaty
22%
Rozbicie Dzielnicowe Książę krakowski 1232 – 1238 Henryk I Brodaty
22%
Rozbicie Dzielnicowe Książę krakowski 1238 – 1241 Henryk II Pobożny
22%
Powstanie Styczniowe Dyktator Rządu Narodowego 17 października 1863 - 10 kwietnia 1864 Romuald Traugutt
22%
Rząd Londyński Prezydent Polski na Uchodźstwie 1989 - 1990 Ryszard Kaczorowski
22%
Rozbicie Dzielnicowe Książę krakowski 1243 – 1279 Bolesław V Wstydliwy
18%
Kongresówka Cesarz Rosji (Król Polski) 1881 - 1894 Aleksander III Romanow
16%
Kongresówka Cesarz Rosji (Król Polski) 1855 - 1881 Aleksander II Romanow
16%
Rozbicie Dzielnicowe Książę senior Polski 1146 – 1173 Bolesław IV Kędzierzawy
16%
Polska Rzeczpospolita Ludowa Przewodniczący Rady Państwa 1970 - 1972 Józef Cyrankiewicz
16%
Legendarni Książę Polan? ?-? Krak I
16%
Legendarni Książę Polan? ?-? Krak II
16%
Król Galicji i Lodomerii Arcyksiężna Austrii 1772 - 1780 Maria Teresa
16%
Kongresówka Cesarz Rosji (Król Polski) 1894 - 1917 Mikołaj II Romanow
16%
Kongresówka Cesarz Rosji (Król Polski) 1825 – 1855 Mikołaj I Romanow
16%
Wielkie Księstwo Poznańskie Cesarz Niemiec 1888 - 1918 Wilhelm II Hohenzollern
16%
Rozbicie Dzielnicowe Książę senior Polski 1202 – 1206 Władysław III Laskonogi
16%
Rozbicie Dzielnicowe Książę krakowski 1228 – 1229 Władysław III Laskonogi
16%
Król Galicji i Lodomerii Cesarz Austrio-Węgier 1848 - 1916 Franciszek Józef I Habsburg
15%
Rozbicie Dzielnicowe Książę senior Polski 1177 – 1191 Kazimierz II Sprawiedliwy
15%
Rozbicie Dzielnicowe Książę senior Polski 1191 – 1194 Kazimierz II Sprawiedliwy
15%
Rozbicie Dzielnicowe Książę senior Polski 1210 – 1211 Mieszko IV Plątonogi
15%
Wielkie Księstwo Poznańskie Cesarz Niemiec 1861 - 1888 Wilhelm I Hohenzollern
15%
Rozbicie Dzielnicowe Książę krakowski 1241 Bolesław II Rogatka
13%
Król Galicji i Lodomerii Cesarz Austrii 1792 - 1835 Franciszek I Habsburg
13%
Rozbicie Dzielnicowe Książę krakowski 1288 Bolesław II mazowiecki
11%
Rozbicie Dzielnicowe Książę krakowski 1289 Bolesław II mazowiecki
11%
Polska Rzeczpospolita Ludowa Przewodniczący Rady Państwa 1964 - 1968 Edward Ochab
11%
Król Galicji i Lodomerii Cesarz Austrii 1835 - 1848 Ferdynand I Habsburg
11%
Rząd Londyński Prezydent Polski na Uchodźstwie 1939 - 1947 Władysław Raczkiewicz
11%
Wielkie Księstwo Poznańskie Cesarz Niemiec 1888 Fryderyk III Hohenzollern
9%
Polska Rzeczpospolita Ludowa Przewodniczący Rady Państwa 1972 - 1985 Henryk Jabłoński
9%
Król tytularny Król Czech i Polski 1310-1335 Jan Luksemburski
9%
Król Galicji i Lodomerii Arcyksiążę Austrii 1772 - 1790 Józef II Habsburg
9%
Król Galicji i Lodomerii Cesarz Austrio-Węgier 1916 - 1918 Karol I Habsburg
9%
II Rzeczpospolita P.o. prezydenta 16 - 20 grudnia 1922 Maciej Rataj
9%
II Rzeczpospolita P.o. prezydenta 15 maja - 4 czerwca 1926 Maciej Rataj
9%
Legendarni Księżna Polan? ?-? Wanda
9%
Powstanie Listopadowe Prezes Rządu Narodowego 30 stycznia - 17 sierpnia 1831 Adam Czartoryski
7%
Królowie Elekcyjni Interrex 1673 – 1674 Kazimierz Florian Czartoryski
7%
III Rzeczpospolita P.o. prezydenta 8 lipca 2010 Bogdan Borusewicz
5%
Rozbicie Dzielnicowe Książę krakowski 1288 – 1289 Henryk IV Prawy
5%
Rozbicie Dzielnicowe Książę krakowski 1289 – 1290 Henryk IV Prawy
5%
Król Galicji i Lodomerii Arcyksiążę Austrii 1790 - 1792 Leopold II Habsburg
5%
Polska Rzeczpospolita Ludowa Przewodniczący Rady Państwa 1968 - 1970 Marian Spychalski
5%
Królestwo Polskie Członek Rady Regencyjnej 1917 – 1918 Aleksander Kakowski
4%
Powstanie Listopadowe Prezes Rządu Narodowego 17 sierpnia - 7 września 1831 Jan Krukowiecki
4%
Powstanie Styczniowe Dyktator 11 marca - 18 marca 1863 Marian Langiewicz
4%
Piastowie Książę Polski 1086 – 1089 Mieszko Bolesławowic
4%
Król tytularny Król Czech i Polski 1306-1307 Rudolf III Habsburg
4%
Jagiellonowie Regent 1444 – 1447 Zbigniew Oleśnicki
4%
Królestwo Polskie Członek Rady Regencyjnej 1917 – 1918 Zdzisław Lubomirski
4%
Kongresówka Cesarz Rosji (Król Polski) 1815 - 1825 Aleksander I Pawłowicz
2%
Polska Rzeczpospolita Ludowa Przewodniczący Rady Państwa 1952 - 1964 Aleksander Zawadzki
2%
Piastowie Książę Polski 1032 – 1033 Dytryk
2%
Królowie Elekcyjni Interrex 1572 – 1573 Jakub Uchański
2%
Królowie Elekcyjni Interrex 1575 – 1576 Jakub Uchański
2%
Powstanie Styczniowe Przewodniczący Rządu Narodowego 14 czerwca - 17 września 1863 Karol Majewski
2%
Rząd Londyński Prezydent Polski na Uchodźstwie 1986 - 1989 Kazimierz Sabbat
2%
Legendarni Książę Polan? ?-? Leszko I
2%
Legendarni Książę Polan? ?-? Leszko II
2%
Legendarni Książę Polan? ?-? Leszko III
2%
Powstanie Styczniowe Dyktator 17 lutego - 11 marca 1863 Ludwik Mierosławski
2%
Rząd Londyński Członek Rady Trzech 1954−1970 Władysław Anders
2%
Powstanie Styczniowe Przewodniczący Rządu Narodowego 12 kwietnia - 23 maja 1863 Agaton Giller
0%
Rzeczpospolita Krakowska Przywódca Rząd Narodowy Rzeczypospolitej Polskiej 22–24 lutego 1846 Aleksander Grzegorzewski
0%
Powstanie Styczniowe Naczelnik Miasta Warszawy 12 kwietnia - 19 grudnia 1864 Aleksander Waszkowski
0%
Rząd Londyński Członek Rady Trzech 1969−1972 Alfred Urbański
0%
Królowie Elekcyjni Interrex 1674 Andrzej Trzebicki
0%
Rząd Londyński Prezydent Polski na Uchodźstwie 1947 - 1972 August Zaleski
0%
Polska Rzeczpospolita Ludowa Zastępca Przewodniczącego Rady Państwa 7 - 12 sierpnia 1964 Bolesław Podedworny
0%
Powstanie Listopadowe Prezes Rządu Narodowego 7 - 25 września 1831 Bonawentura Niemojowski
0%
Powstanie Styczniowe Przewodniczący Rządu Narodowego 20 kwietnia - październik 1864 Bronisław Brzeziński
0%
Piastowie Książę Polski 1032 – 1033 Otto Bolesławiec
0%
Andegawenowie Regent 1382 – 1384 Dobiesław Kurozwęcki
0%
Rząd Londyński Członek Rady Trzech 1954−1972 Edward Bernard Raczyński
0%
Rząd Londyński Prezydent Polski na Uchodźstwie 1979 - 1986 Edward Bernard Raczyński
0%
Powstanie Styczniowe Przewodniczący Rządu Narodowego 23 maja - 9 czerwca 1863 Franciszek Dobrowolski
0%
Powstanie Styczniowe Przewodniczący Rządu Narodowego 17 września - 17 października 1863 Franciszek Dobrowolski
0%
Polska Rzeczpospolita Ludowa P.o. prezydenta 4 lutego 1947 Franciszek Trąbalski
0%
Wielkie Księstwo Poznańskie Król Prus 1815 - 1840 Fryderyk Wilhelm III Pruski
0%
Wielkie Księstwo Poznańskie Król Prus 1840 - 1861 Fryderyk Wilhelm IV Pruski
0%
Król tytularny Król Czech i Polski 1306-1310 Henryk Karyncki
0%
Rzeczpospolita Krakowska Prezes Senatu 1841–1846 Jan Schindler
0%
Rzeczpospolita Krakowska Przywódca Rządu Narodowy Rzeczypospolitej Polskiej 22 lutego –2 marca 1846 Jan Tyssowski
0%
Królowie Elekcyjni Interrex 1648 Jan Wężyk
0%
Rzeczpospolita Krakowska Prezes Senatu 1836–1839 Józef Haller
0%
Królestwo Polskie Członek Rady Regencyjnej 1917 – 1918 Józef Ostrowski
0%
Rzeczpospolita Krakowska Prezes Komitetu Bezpieczeństwa 1846 Józef Wincenty Wodzicki
0%
Rzeczpospolita Krakowska Prezes Senatu 1833–1836 Kasper Wielogłowski
0%
Rzeczpospolita Krakowska Przywódca Rząd Narodowy Rzeczypospolitej Polskiej 22–24 lutego 1846 Ludwik Gorzkowski
0%
Powstanie Listopadowe Dyktator 25 września - 9 października 1831 Maciej Rybiński
0%
Królowie Elekcyjni Interrex 1696 – 1697 Michał Stefan Radziejowski
0%
Królowie Elekcyjni Interrex 1668 – 1669 Mikołaj Jan Prażmowski
0%
Królowie Elekcyjni Interrex 1704 – 1705 Mikołaj Stanisław Święcicki
0%
Polska Rzeczpospolita Ludowa Zastępca Przewodniczącego Rady Państwa 7 - 12 sierpnia 1964 Oskar Lange
0%
Powstanie Styczniowe Przewodniczący Rządu Narodowego 9 czerwca - 10 czerwca 1863 Piotr Kobylański
0%
Rząd Londyński Członek Rady Trzech 1966−1968 Roman Odzierzyński
0%
Królowie Elekcyjni Interrex 1586 – 1587 Stanisław Karnkowski
0%
Królowie Elekcyjni Interrex 1632 – 1633 Stanisław Karnkowski
0%
Rząd Londyński Członek Rady Trzech 1970−1972 Stanisław Kopański
0%
Polska Rzeczpospolita Ludowa Zastępca Przewodniczącego Rady Państwa 7 - 12 sierpnia 1964 Stanisław Kulczyński
0%
Rząd Londyński Członek Rady Trzech 1968−1969 Stanisław Mglej
0%
Rząd Londyński Prezydent Polski na Uchodźstwie 1972 - 1979 Stanisław Ostrowski
0%
Rzeczpospolita Krakowska Prezes Senatu 1815–1831 Stanisław Wodzicki
0%
Powstanie Styczniowe Przewodniczący Komisji Wykonawczej Tymczasowego Rządu Narodowego 21 stycznia - 17 lutego 1863 Stefan Bobrowski
0%
Powstanie Styczniowe Przewodniczący Tymczasowego Rządu Narodowego 21 marca - 12 kwietnia 1863 Stefan Bobrowski
0%
Królowie Elekcyjni Interrex 1733 – 1734 Teodor Andrzej Potocki
0%
Rząd Londyński Członek Rady Trzech 1954−1955 Tomasz Arciszewski
0%
Królowie Elekcyjni Interrex 1763 – 1764 Władysław Aleksander Łubieński
0%
Polska Rzeczpospolita Ludowa P.o. prezydenta 4-5 lutego 1947 Władysław Kowalski
0%
Nie znaleziono quizów pasujących do podanych kryteriów
Rozkład punktacji
Procent ludzi z każdym wynikiem
Percentyl według liczby udzielonych odpowiedzi
Twoja historia wyników
Nie rozwiązałeś tego quizu